| 000 | 00617nam a2200217Ia 4500 | ||
|---|---|---|---|
| 003 | IN-BaIIA | ||
| 008 | 211028s9999 xx 000 0 eng d | ||
| 020 | _a0-08-012114-4 | ||
| 040 | _cIIA Library | ||
| 080 |
_a538.3 _bDAV |
||
| 100 |
_aDavid, Pierre _96406 |
||
| 245 | 0 |
_aPropagation of waves _cP. David and J. Voge; translated by J. B. Arthur |
|
| 260 |
_aOxford _bPergamon Press _c1969 |
||
| 300 | _ax, 329p. | ||
| 650 | _aAstronomy and astrophysics thesaurus | ||
| 650 |
_aElectromagnetic waves _92401 |
||
| 650 | _aWaves | ||
| 700 |
_aArthur, J. B., tr. _96407 |
||
| 700 |
_aVoge, Jean _96408 |
||
| 942 | _cBK | ||
| 999 |
_c3613 _d3613 |
||